[Event "1st EUR-ch (w)"]
[Site "Batumi GEO"]
[Date "2000.06.12"]
[Round "5.3"]
[White "Zhukova, Natalia"]
[Black "Kovalevskaya, Ekaterina"]
[Result "1-0"]
[WhiteElo "2471"]
[BlackElo "2451"]
[EventDate "2000.05.27"]
[PlyCount "95"]

1.d4 Nf6 2.c4 d6 3.Nc3 e5 4.e4 exd4 5.Qxd4 Nc6 6.Qd2 g6 7.b3 Bg7 8.Bb2 O-O
9.f3 Nd7 10.h4 h5 11.O-O-O Nc5 12.Nd5 Ne5 13.Nh3 c6 14.Ne3 Bxh3 15.Rxh3 
Qb6 16.Kc2 Ne6 17.Nf5 gxf5 18.exf5 Nd8 19.f6 Bxf6 20.Qxd6 Ne6 21.Rg3+ Ng7 
22.Bxe5 Bxe5 23.Qxe5 f6 24.Qf4 Qf2+ 25.Kb1 Rad8 26.Bd3 Rf7 27.Bh7+ Kxh7 
28.Rxd8 Re7 29.Rd2 Qe1+ 30.Kb2 Re2 31.Rxe2 Qxe2+ 32.Ka3 Qe7+ 33.b4 Qd7 34.
Qe4+ f5 35.Qc2 a5 36.Rg5 Qe7 37.Qc3 axb4+ 38.Qxb4 Qe3+ 39.Ka4 Qf2 40.Kb3 
Qxh4 41.Qe7 Qd4 42.Rxh5+ Kg8 43.Rg5 f4 44.Rxg7+ Qxg7 45.Qxg7+ Kxg7 46.Kc3 
Kf6 47.Kd4 Kf5 48.c5 1-0

[Event "1st EUR-ch (w)"]
[Site "Batumi GEO"]
[Date "2000.06.13"]
[Round "5.4"]
[White "Kovalevskaya, Ekaterina"]
[Black "Zhukova, Natalia"]
[Result "1/2-1/2"]
[WhiteElo "2451"]
[BlackElo "2471"]
[EventDate "2000.05.27"]
[PlyCount "87"]

1.e4 Nf6 2.e5 Nd5 3.d4 d6 4.Nf3 dxe5 5.Nxe5 g6 6.Bc4 c6 7.O-O Bg7 8.Re1 
O-O 9.Bb3 Nd7 10.Nf3 N7f6 11.h3 b5 12.Nbd2 Be6 13.Ne5 Qc7 14.Nd3 Nd7 15.c3
Rad8 16.Qf3 N7b6 17.Nc5 Bc8 18.Nde4 h6 19.a4 bxa4 20.Nxa4 Kh7 21.c4 Nxa4 
22.Bxa4 Nb6 23.Bf4 Qd7 24.Bxc6 Qxc6 25.Ng5+ hxg5 26.Qxc6 gxf4 27.Rxa7 Bxd4
28.Rexe7 Kg7 29.Qc7 Nd7 30.Ra8 Bxb2 31.c5 Bf6 32.Re4 f3 33.gxf3 Rh8 34.h4 
Ne5 35.Rxe5 Rd7 36.Qc6 Rd1+ 37.Kg2 Bd7 38.Qe4 Rxa8 39.Qxa8 Bxe5 40.Qe4 Bf6
41.c6 Rd4 42.Qc2 Bf5 43.Qc5 Rxh4 44.c7 1/2-1/2